| 000 | 00374nam a2200145Ia 4500 | ||
|---|---|---|---|
| 008 | 220204s9999 xx 000 0 und d | ||
| 020 | _a082470665X | ||
| 082 |
_a543.544.5.068.7 _bGOO |
||
| 245 | 0 | _aHPLC of biological macromolecules | |
| 250 | _aEd.2 | ||
| 260 |
_aNew York _bMarcel Dekker _c2002 |
||
| 700 | _aGooding, Karen M | ||
| 700 | _aRegnier, Fred E | ||
| 942 | _cBK | ||
| 999 |
_c42139 _d42139 |
||